000 00269nam a22001337a 4500
003 SGT
082 _a617.7
_bR15K
100 _aKHURANA , A K
245 _aREVIEW OF OPHTHALMOLOGY
250 _a6TH
260 _aINDIA
_bJAYPEE
_c2015
300 _a190
942 _2ddc
_cBK
999 _c14006
_d14006